<?xml version="1.0" encoding="UTF-8"?>
<record
    xmlns:xsi="http://www.w3.org/2001/XMLSchema-instance"
    xsi:schemaLocation="http://www.loc.gov/MARC21/slim http://www.loc.gov/standards/marcxml/schema/MARC21slim.xsd"
    xmlns="http://www.loc.gov/MARC21/slim">

  <leader>00798nam a22001337a 4500</leader>
  <datafield tag="040" ind1=" " ind2=" ">
    <subfield code="c">RUA</subfield>
  </datafield>
  <datafield tag="082" ind1=" " ind2=" ">
    <subfield code="a">AVM NGO 2009 B087 Or.1</subfield>
  </datafield>
  <datafield tag="100" ind1=" " ind2=" ">
    <subfield code="a">NGORN, SOPHORN.</subfield>
  </datafield>
  <datafield tag="245" ind1=" " ind2=" ">
    <subfield code="a">Study on growth rate of CP-AVAIN broiler by using coconut by-product in concentrate and CP HI-GRO feed at royal university of agriculture, &#x1780;&#x17B6;&#x179A;&#x179F;&#x17B7;&#x1780;&#x17D2;&#x179F;&#x17B6;&#x179B;&#x17BE;&#x1780;&#x17B6;&#x179A;&#x179B;&#x17BC;&#x178F;&#x179B;&#x17B6;&#x179F;&#x17CB;&#x179A;&#x1794;&#x179F;&#x17CB;&#x1798;&#x17B6;&#x1793;&#x17CB;&#x179F;&#x17B6;&#x1785;&#x17CB;&#x1796;&#x17BC;&#x1787;CP-AVIAN &#x178A;&#x17C4;&#x1799;&#x1794;&#x17D2;&#x179A;&#x17BE;&#x1785;&#x17C6;&#x178E;&#x17B8;&#x1795;&#x17D2;&#x179F;&#x17C6;&#x178A;&#x17C2;&#x179B;&#x1798;&#x17B6;&#x1793;&#x1780;&#x17B6;&#x1780;&#x178A;&#x17BC;&#x1784; &#x1793;&#x17B7;&#x1784;&#x1785;&#x17C6;&#x178E;&#x17B8;CP HI-GRO &#x1793;&#x17C5;&#x179F;&#x17B6;&#x1780;&#x179B;&#x179C;&#x17B7;&#x1791;&#x17D2;&#x1799;&#x17B6;&#x179B;&#x17D0;&#x1799;&#x1797;&#x17BC;&#x1798;&#x17B7;&#x1793;&#x17D2;&#x1791;&#x1780;&#x179F;&#x17B7;&#x1780;&#x1798;&#x17D2;&#x1798;</subfield>
  </datafield>
  <datafield tag="260" ind1=" " ind2=" ">
    <subfield code="a">Phnom Penh</subfield>
    <subfield code="b">RUA</subfield>
    <subfield code="c">2009</subfield>
  </datafield>
  <datafield tag="300" ind1=" " ind2=" ">
    <subfield code="a">x; 49p.</subfield>
  </datafield>
  <datafield tag="856" ind1=" " ind2=" ">
    <subfield code="u">https://drive.google.com/file/d/1WtuU-2XyMJjECR8x0xGs6PpUNDGSFXnF/view?usp=sharing</subfield>
  </datafield>
  <datafield tag="942" ind1=" " ind2=" ">
    <subfield code="c">AVM</subfield>
  </datafield>
  <datafield tag="999" ind1=" " ind2=" ">
    <subfield code="c">2337</subfield>
    <subfield code="d">2337</subfield>
  </datafield>
  <datafield tag="952" ind1=" " ind2=" ">
    <subfield code="0">0</subfield>
    <subfield code="1">0</subfield>
    <subfield code="2">ddc</subfield>
    <subfield code="4">0</subfield>
    <subfield code="6">AVM_NGO_2009_000000000000000_B087_OR_1</subfield>
    <subfield code="7">0</subfield>
    <subfield code="9">10154</subfield>
    <subfield code="a">LBB</subfield>
    <subfield code="b">LBB</subfield>
    <subfield code="c">B087</subfield>
    <subfield code="d">2015-10-19</subfield>
    <subfield code="o">AVM NGO 2009 B087 Or.1</subfield>
    <subfield code="p">RUA008173</subfield>
    <subfield code="r">2015-10-19</subfield>
    <subfield code="w">2015-10-19</subfield>
    <subfield code="y">AVM</subfield>
  </datafield>
  <datafield tag="952" ind1=" " ind2=" ">
    <subfield code="0">0</subfield>
    <subfield code="1">0</subfield>
    <subfield code="2">ddc</subfield>
    <subfield code="4">0</subfield>
    <subfield code="6">AVM_NGO_2009_000000000000000_B087_OR_2</subfield>
    <subfield code="7">0</subfield>
    <subfield code="9">10155</subfield>
    <subfield code="a">LBB</subfield>
    <subfield code="b">LBB</subfield>
    <subfield code="c">B087</subfield>
    <subfield code="d">2015-10-19</subfield>
    <subfield code="o">AVM NGO 2009 B087 Or.2</subfield>
    <subfield code="p">RUA020155</subfield>
    <subfield code="r">2015-10-19</subfield>
    <subfield code="w">2015-10-19</subfield>
    <subfield code="y">AVM</subfield>
  </datafield>
  <datafield tag="952" ind1=" " ind2=" ">
    <subfield code="0">0</subfield>
    <subfield code="1">0</subfield>
    <subfield code="2">ddc</subfield>
    <subfield code="4">0</subfield>
    <subfield code="6">AVM_NGO_2009_000000000000000_B087_OR_3</subfield>
    <subfield code="7">0</subfield>
    <subfield code="9">10156</subfield>
    <subfield code="a">LBB</subfield>
    <subfield code="b">LBB</subfield>
    <subfield code="c">B087</subfield>
    <subfield code="d">2015-10-19</subfield>
    <subfield code="l">4</subfield>
    <subfield code="o">AVM NGO 2009 B087 Or.3</subfield>
    <subfield code="p">RUA008350</subfield>
    <subfield code="r">2024-11-04</subfield>
    <subfield code="s">2024-11-01</subfield>
    <subfield code="w">2015-10-19</subfield>
    <subfield code="y">AVM</subfield>
  </datafield>
  <datafield tag="952" ind1=" " ind2=" ">
    <subfield code="0">0</subfield>
    <subfield code="1">0</subfield>
    <subfield code="2">ddc</subfield>
    <subfield code="4">0</subfield>
    <subfield code="6">AVM_NGO_2009_000000000000000_B087_OR_4</subfield>
    <subfield code="7">0</subfield>
    <subfield code="9">10157</subfield>
    <subfield code="a">LBB</subfield>
    <subfield code="b">LBB</subfield>
    <subfield code="c">B087</subfield>
    <subfield code="d">2015-10-19</subfield>
    <subfield code="o">AVM NGO 2009 B087 Or.4</subfield>
    <subfield code="p">RUA008250</subfield>
    <subfield code="r">2015-10-19</subfield>
    <subfield code="w">2015-10-19</subfield>
    <subfield code="y">AVM</subfield>
  </datafield>
  <datafield tag="952" ind1=" " ind2=" ">
    <subfield code="0">0</subfield>
    <subfield code="1">0</subfield>
    <subfield code="2">ddc</subfield>
    <subfield code="4">0</subfield>
    <subfield code="6">AVM_NGO_2009_000000000000000_B087_OR_5</subfield>
    <subfield code="7">0</subfield>
    <subfield code="9">10158</subfield>
    <subfield code="a">LBB</subfield>
    <subfield code="b">LBB</subfield>
    <subfield code="c">B087</subfield>
    <subfield code="d">2015-10-19</subfield>
    <subfield code="o">AVM NGO 2009 B087 Or.5</subfield>
    <subfield code="p">RUA008180</subfield>
    <subfield code="r">2015-10-19</subfield>
    <subfield code="w">2015-10-19</subfield>
    <subfield code="y">AVM</subfield>
  </datafield>
  <datafield tag="952" ind1=" " ind2=" ">
    <subfield code="0">0</subfield>
    <subfield code="1">0</subfield>
    <subfield code="2">ddc</subfield>
    <subfield code="4">0</subfield>
    <subfield code="6">AVM_NGO_2009_000000000000000_B087_OR_6</subfield>
    <subfield code="7">0</subfield>
    <subfield code="9">10159</subfield>
    <subfield code="a">LBB</subfield>
    <subfield code="b">LBB</subfield>
    <subfield code="c">B087</subfield>
    <subfield code="d">2015-10-19</subfield>
    <subfield code="o">AVM NGO 2009 B087 Or.6</subfield>
    <subfield code="p">RUA020158</subfield>
    <subfield code="r">2015-10-19</subfield>
    <subfield code="w">2015-10-19</subfield>
    <subfield code="y">AVM</subfield>
  </datafield>
</record>
